000
00218 a2200097 4500
001
11383
100
_a
Allen, H. C.
245
_a
The Anglo American Predicament
260
_a
_b
Macmillan & Co
_c
090
_c
8930
_d
8930
942
_a
NUST-CAE
_c
M
_c
35745
999
_c
246456
_d
246456